Văn hóa phi vật thể RaGlai : Những gì chúng ta còn ít biết đến?

Nội dung sách gồm 3 phần giới thiệu truyện cổ-truyện hát sử thi RaGlai, lễ hội dân gian RaGGlai và nhạc cụ RaGlai cấu trúc-tính năng-không gian văn hóa.

Gardado en:
Detalles Bibliográficos
Autor Principal: Hải Liên
Formato: Libro
Idioma:Undetermined
Publicado: Hà Nội Văn hóa Thông tin 2014
Những chủ đề:
Các nhãn: Engadir etiqueta
Sen Etiquetas, Sexa o primeiro en etiquetar este rexistro!
Thư viện lưu trữ: Trung tâm Học liệu Trường Đại học Cần Thơ
LEADER 00893nam a2200217Ia 4500
001 CTU_209832
008 210402s9999 xx 000 0 und d
082 |a 398.09597 
082 |b H103 
100 |a Hải Liên 
245 0 |a Văn hóa phi vật thể RaGlai : 
245 0 |b Những gì chúng ta còn ít biết đến? 
245 0 |c Hải Liên, Hữu Ích 
260 |a Hà Nội 
260 |b Văn hóa Thông tin 
260 |c 2014 
520 |a Nội dung sách gồm 3 phần giới thiệu truyện cổ-truyện hát sử thi RaGlai, lễ hội dân gian RaGGlai và nhạc cụ RaGlai cấu trúc-tính năng-không gian văn hóa. 
650 |a Văn hóa dân gian,Folklore 
650 |z Việt Nam,Vietnam 
904 |i Trương Thủy Ly,Hải 
980 |a Trung tâm Học liệu Trường Đại học Cần Thơ